| 000 | 00807nam a2200229 i 4500 | ||
|---|---|---|---|
| 001 | 14990 | ||
| 003 | ES-MaACL | ||
| 005 | 20240320062556.0 | ||
| 007 | t| | ||
| 008 | 991124s1997 sp ||||1| spa d | ||
| 080 | _a821.134.2 Azorín 1.06 | ||
| 080 | _a821.134.2-92"19" | ||
| 100 | 0 |
_aAzorín, _d1873-1967 _924326 |
|
| 245 | 1 | 0 |
_aRaros, anticlericales, satíricos y anarquistas literarios en José Martínez Ruiz / _cAzorín ; introducción, selección y notas de: José Luis Molina Martínez. |
| 260 |
_aLorca : _bEl autor, _c[1997] |
||
| 300 |
_a158 p. ; _c19 cm. |
||
| 504 | _aBibliografía : p. 149-155. | ||
| 600 | 0 | 4 |
_aAzorín, _d1873-1967- _xCrítica e interpretación _924328 |
| 700 | 1 |
_aMolina Martínez, José Luis. _981949 |
|
| 852 |
_aES-MaACL _jL-22257 _bR.127766 |
||
| 999 |
_c14990 _d14990 |
||